Taylor Swift - What Album Is This Song From? #2 - Statistics

General Stats
  • This quiz has been taken 66 times
  • The average score is 9 of 11
Answer Stats
Hint Answer % Correct
Dancing With Our Hands Tied Reputation
93%
Forever and Always Fearless
90%
Maroon Midnights
90%
Clean 1989
86%
gold rush Evermore
86%
Afterglow Lover
86%
A Perfectly Good Heart Taylor Swift
86%
Clara Bow The Tortured Poets Department
86%
hoax Folklore
83%
The Last Time Red
83%
The Story of Us Speak Now
79%
No matching quizzes found
Score Distribution
Percent of People with Each Score
Percentile by Number Answered
Your Score History
You have not taken this quiz